Fundamental financial accounting concepts / (Record no. 2006)

MARC details
000 -LEADER
fixed length control field 00631cam a22002052 4500
001 - CONTROL NUMBER
control field 0000002499
005 - DATE AND TIME OF LATEST TRANSACTION
control field 20151217145729.0
008 - FIXED-LENGTH DATA ELEMENTS--GENERAL INFORMATION
fixed length control field 070412s xx 000 0 eng d
020 ## - INTERNATIONAL STANDARD BOOK NUMBER
International Standard Book Number 0070217785 :
Terms of availability KES 6,400
040 ## - CATALOGING SOURCE
Original cataloging agency KABU
Transcribing agency KABU
050 #0 - LIBRARY OF CONGRESS CALL NUMBER
Classification number HF5635
Item number .F95 1997
245 10 - TITLE STATEMENT
Title Fundamental financial accounting concepts /
Statement of responsibility, etc. Thomas P. Edmonds, ... [et al.]
250 ## - EDITION STATEMENT
Edition statement 2nd ed.
260 ## - PUBLICATION, DISTRIBUTION, ETC. (IMPRINT)
Place of publication, distribution, etc. Boston, Massachusetts :
Name of publisher, distributor, etc. Irwin/McGraw-Hill,
Date of publication, distribution, etc. 1997.
300 ## - PHYSICAL DESCRIPTION
Extent xxii, 665 p.
650 #0 - SUBJECT ADDED ENTRY--TOPICAL TERM
Topical term or geographic name as entry element Accounting.
-- 0000148321
700 1# - ADDED ENTRY--PERSONAL NAME
Dates associated with a name Edmonds, Thomas P.
908 ## - PUT COMMAND PARAMETER (RLIN)
Put command parameter 070412
Holdings
Withdrawn status Lost status Source of classification or shelving scheme Damaged status Not for loan Home library Current library Date acquired Total Checkouts Full call number Barcode Date last seen Date last checked out Price effective from Koha item type
  Lost Library of Congress Classification     Kabarak, Main Campus Kabarak, Main Campus 17/12/2015 1 HF5635 .F95 1997 c. 3 002613 22/01/2016 22/01/2016 17/12/2015 General Collection
    Library of Congress Classification     Kabarak, Main Campus Kabarak, Main Campus 17/12/2015   HF5635 .F95 1997 c. 1 002611 02/08/2024   17/12/2015 General Collection
    Library of Congress Classification     Kabarak, Main Campus Kabarak, Main Campus 17/12/2015 3 HF5635 .F95 1997 c. 2 002612 02/08/2024 26/01/2021 17/12/2015 General Collection
Designed with assistance from East African Informatics Ltd